banner-ar

اليات محاكمة افراد تنظيم داعش المتهمين بارتكاب الجرائم الدولية / (Record no. 66028)

MARC details
000 -الفاتح
حقل البيانات ثابتة الطول 00895nam a22002417a 4500
005 - وقت وتاريخ اخر تعامل مع التسجيلة
رقم الضبط 20240530110855.0
008 - عناصر البيانات ثابتة الطول - معلومات عامة
حقل البيانات ثابتة الطول 211004s2021 ua a g b 000 0 ara d
017 ## - رقم الايداع القانونى
المصدر ( الهيئة المختصة) مصر. دار الكتب
020 ## - الرقم الدولى المعيارى للكتب
الرقم الدولى المعيارى للكتاب 9786144368794
040 ## - مصدر الفهرسة
وكالة الفهرسة الأصلية EG-CaGPL
وكالة النسخ EG-CaGPL
082 04 - رقم تصنيف ديوى العشرى
رقم الطبعة 21
رقم التصنيف 303.625\
رقم المادة ق آ
100 0# - المدخل الرئيسى - إسم شخصى
الإسم الشخصى قهرمان عثمان محمود
245 10 - بيان العنوان
العنوان اليات محاكمة افراد تنظيم داعش المتهمين بارتكاب الجرائم الدولية /
بيان المسئوليه,etc قهرمان عثمان محمود
250 ## - بيان الطبعة
بيان الطبعة ط.1
260 ## - PUBLICATION, DISTRIBUTION, ETC. (IMPRINT)
تاريخ النشر أو التوزيع 2021
300 ## - الوصف المادى
التعداد 312 ص. ؛
أبعاد الوعاء 24 سم.
650 07 - المدخل الاضافى بالموضوع-مصطلح موضوعى
مصدر الرأس أو المصطلح qrmak
مصطلح موضوعي داعش
650 07 - المدخل الاضافى بالموضوع-مصطلح موضوعى
مصطلح موضوعي المحكمة الجنائية الدولية
650 07 - المدخل الاضافى بالموضوع-مصطلح موضوعى
مصطلح موضوعي جرائم الحرب
650 07 - المدخل الاضافى بالموضوع-مصطلح موضوعى
مصطلح موضوعي القانون الدولى الجنائى
مصدر الرأس أو المصطلح qrmak
651 ## - المدخل الاضافى بالموضوع - اسم جغرافى
مصدر الرأس أو المصطلح qrmak
942 ## - عناصر المدخل الإضافي( كوها)
مصدر التصنيف او مخطط الترفيف Dewey Decimal Classification
Koha [default] item type كتاب
260 ## - PUBLICATION, DISTRIBUTION, ETC. (IMPRINT)
-- القاهرة :
-- منشورات زين الحقوقية ،
Holdings
حالة التراجع حالة الفقد حالة تلف ليس للاعارة المكان المؤقت الموقع الحالى موقع الترفيف تاريخ الاكتساب اجمالي اﻻعارات رقم الطلب الباركود تاريخ اخر مشاهدة تاريخ تفعيل السعر نوع وعاء كوها
        مكتبة القاهرة الكبرى مكتبة القاهرة الكبرى القاعة الرئيسية 10/04/2021   303.625\ ق آ 167176 10/04/2021 10/04/2021 كتاب

Powered By

EGPV